Nirvana - Bleach Songs - Statistics

General Stats
  • This quiz has been taken 14 times
  • The average score is 10 of 13
Answer Stats
Length Song % Correct
2:18 Floyd the Barber
100%
2:48 About a Girl
89%
2:55 Blew
89%
2:42 School
89%
1:44 Downer
78%
3:24 Mr. Moustache
78%
3:03 Swap Meet
78%
3:42 Big Cheese
67%
3:35 Love Buzz
67%
2:56 Negative Creep
67%
4:06 Paper Cuts
56%
4:10 Scoff
56%
5:24 Sifting
56%
No matching quizzes found
Score Distribution
Percent of People with Each Score
Percentile by Number Answered
Your Score History
You have not taken this quiz